[Event "España ch-2015 sub-16"]
[Site "Salobreña ESP"]
[Date "2015.07.23"]
[Round "6.8"]
[White "Bayo Milagro, Alvaro"]
[Black "Ortega Lopez, Mikel"]
[Result "1/2-1/2"]
[WhiteElo "2109"]
[BlackElo "2141"]
[PlyCount "60"]
[EventDate "2015.07.20"]
[EventType "swiss"]
[EventRounds "9"]
[EventCountry "ESP"]
[Source "lmi"]
[SourceDate "2015.07.20"]

1. e4 c5 2. c3 g6 3. d4 cxd4 4. cxd4 d5 5. e5 Bg7 6. Nc3 Nc6 7. h3 f6 8. f4 Nh6
9. Bb5 O-O 10. Nf3 Qb6 11. Ba4 Be6 12. Bxc6 Qxc6 13. O-O Rac8 14. Be3 Nf5 15.
Bf2 fxe5 16. Nxe5 Bxe5 17. fxe5 Ng7 18. Qd2 Rf7 19. Be3 Nf5 20. g4 Nxe3 21.
Qxe3 Rcf8 22. Rxf7 Rxf7 23. Qd3 Qb6 24. b3 Rf4 25. Rd1 Bf7 26. Na4 Qb4 27. Qd2
Qxd2 28. Rxd2 g5 29. Nc5 b6 30. Na6 Rf3 1/2-1/2

[Event "España ch-2015 sub-16"]
[Site "Salobreña ESP"]
[Date "2015.07.23"]
[Round "6.9"]
[White "Jarque Megias, Juan Jose"]
[Black "Lopez Rivera, Jesus"]
[Result "0-1"]
[WhiteElo "1987"]
[BlackElo "2163"]
[PlyCount "132"]
[EventDate "2015.07.20"]
[EventType "swiss"]
[EventRounds "9"]
[EventCountry "ESP"]
[Source "lmi"]
[SourceDate "2015.07.20"]

1. e4 e6 2. Qe2 Nc6 3. Nf3 e5 4. g3 Nf6 5. d3 Bc5 6. Bg2 O-O 7. O-O Re8 8. c3
h6 9. b4 Bb6 10. a4 a5 11. b5 Nb8 12. Bb2 c6 13. c4 d6 14. Nbd2 Bc7 15. h3 Nbd7
16. Nh2 d5 17. Rac1 dxe4 18. Nxe4 Nxe4 19. Bxe4 c5 20. Qf3 Rb8 21. Ng4 h5 22.
Bd5 Rf8 23. Ne3 Nf6 24. Qg2 Qd7 25. Kh2 b6 26. Rce1 h4 27. gxh4 Nh5 28. Ng4 Qe7
29. f4 Qxh4 30. fxe5 Kh8 31. Kg1 Nf4 32. Rxf4 Qxe1+ 33. Rf1 Qh4 34. Bc3 Be6 35.
Be1 Qh5 36. Rf3 Rbe8 37. Bc3 Qg5 38. Bd2 Qh5 39. Bc3 Qg5 40. Bb2 Bxg4 41. hxg4
Bxe5 42. Be4 g6 43. Bxe5+ Rxe5 44. Qg3 Kg7 45. Rf4 Rfe8 46. Rf2 f5 47. Bc6 R8e7
48. Qf4 Qxg4+ 49. Qxg4 fxg4 50. Rf4 Re1+ 51. Kg2 R7e2+ 52. Rf2 Rxf2+ 53. Kxf2
Ra1 54. d4 cxd4 55. c5 bxc5 56. b6 Rb1 57. Bb5 Rh1 58. Bd7 Rh8 59. b7 Rb8 60.
Bc6 Kf6 61. Ke2 Ke5 62. Kd3 Kd6 63. Be4 Kc7 64. Kc4 Rxb7 65. Kxc5 Rb4 66. Bxg6
g3 0-1

[Event "España ch-2015 sub-16"]
[Site "Salobreña ESP"]
[Date "2015.07.23"]
[Round "6.10"]
[White "Perez Garcia, Alejandro"]
[Black "Dominguez Fernandez, Angel I"]
[Result "1-0"]
[WhiteElo "2322"]
[BlackElo "1988"]
[PlyCount "111"]
[EventDate "2015.07.20"]
[EventType "swiss"]
[EventRounds "9"]
[EventCountry "ESP"]
[Source "lmi"]
[SourceDate "2015.07.20"]

1. Nf3 d5 2. d4 Nf6 3. c4 g6 4. g3 Bg7 5. Bg2 O-O 6. O-O c5 7. dxc5 dxc4 8. Ne5
Qc7 9. c6 Nxc6 10. Nxc6 bxc6 11. Qc2 Be6 12. Bd2 Nd5 13. Na3 Qe5 14. e4 Qxb2
15. exd5 Bxd5 16. Qxb2 Bxb2 17. Bb4 Bxa1 18. Rxa1 Rab8 19. Bxe7 Rfe8 20. Bf6
Re6 21. Bc3 Bxg2 22. Kxg2 Re4 23. Kf3 Rbe8 24. Rb1 Re2 25. Rb2 R2e4 26. Rb4 Re2
27. Nxc4 Rc2 28. Rb3 Rxa2 29. Nd6 Rd8 30. Bf6 Rf8 31. Ne4 Ra5 32. g4 h6 33. Bc3
f5 34. Nf6+ Rxf6 35. Bxf6 fxg4+ 36. Kxg4 Kf7 37. Bc3 Rg5+ 38. Kf3 Rh5 39. Kg3
Rg5+ 40. Kf4 Rf5+ 41. Ke3 Rh5 42. Bd4 c5 43. Bc3 Rxh2 44. Rb7+ Ke6 45. Rxa7
Rh3+ 46. f3 g5 47. Rg7 Kf5 48. Bb2 h5 49. Rf7+ Kg6 50. Rf6+ Kh7 51. Ke4 g4 52.
f4 g3 53. Rf7+ Kh6 54. f5 Rh4+ 55. Kf3 Rg4 56. Bc1+ 1-0

[Event "España ch-2015 sub-16"]
[Site "Salobreña ESP"]
[Date "2015.07.23"]
[Round "6.11"]
[White "Laiz Ibanez, Hector"]
[Black "Perez Beltran, Jose Maria"]
[Result "1-0"]
[WhiteElo "2180"]
[BlackElo "2011"]
[PlyCount "71"]
[EventDate "2015.07.20"]
[EventType "swiss"]
[EventRounds "9"]
[EventCountry "ESP"]
[Source "lmi"]
[SourceDate "2015.07.20"]

1. Nf3 d5 2. g3 Nf6 3. Bg2 Bf5 4. O-O c6 5. b3 e6 6. Bb2 Nbd7 7. c4 Be7 8. d3
O-O 9. Nbd2 h6 10. a3 a5 11. Qc2 Rc8 12. Bc3 b5 13. cxb5 cxb5 14. Qb2 b4 15.
axb4 axb4 16. Bd4 Bd6 17. Rfd1 Qc7 18. e4 dxe4 19. dxe4 Nxe4 20. Bxg7 Rfd8 21.
Nxe4 Bxe4 22. Bxh6 Bf8 23. Bg5 Re8 24. Qe2 Bh7 25. Rac1 Nc5 26. Bf6 Bg7 27.
Bxg7 Kxg7 28. Qe3 Qe7 29. Rc4 Nb7 30. Rg4+ Bg6 31. Ne5 Nc5 32. h4 Rh8 33. Be4
Rcd8 34. Rxd8 Qxd8 35. Bxg6 Qd1+ 36. Kh2 1-0

[Event "España ch-2015 sub-16"]
[Site "Salobreña ESP"]
[Date "2015.07.23"]
[Round "6.12"]
[White "Chueca Lorente, Javier"]
[Black "Salagran Ferragut, Guillem"]
[Result "0-1"]
[WhiteElo "2123"]
[BlackElo "1983"]
[PlyCount "129"]
[EventDate "2015.07.20"]
[EventType "swiss"]
[EventRounds "9"]
[EventCountry "ESP"]
[Source "lmi"]
[SourceDate "2015.07.20"]

1. e4 c5 2. Nf3 e6 3. d4 cxd4 4. Nxd4 Nf6 5. Bd3 Nc6 6. Nxc6 bxc6 7. O-O e5 8.
c4 Bc5 9. Bg5 h6 10. Bh4 Rb8 11. Nc3 d6 12. a3 Bd4 13. Qc2 g5 14. Bg3 Nh5 15.
Rab1 Nxg3 16. hxg3 h5 17. Ne2 g4 18. Nxd4 exd4 19. c5 h4 20. Qa4 dxc5 21. Qxc6+
Kf8 22. Qxc5+ Kg8 23. Qd5 Qf6 24. e5 Qh6 25. Qd8+ Kg7 26. Qxh4 Rb6 27. Qxh6+
Rbxh6 28. f4 gxf3 29. Rxf3 Bb7 30. Rf4 Ba6 31. Bf1 d3 32. Rg4+ Kf8 33. Kf2 Rc6
34. Rd4 Rh2 35. Kg1 Rch6 36. b4 Bb5 37. Rd1 R6h5 38. Rd5 a6 39. g4 R5h4 40. Rd2
Rh1+ 41. Kf2 Rxg4 42. Bxd3 Bc6 43. Rd8+ Ke7 44. Ke3 Re1+ 45. Be2 Re4+ 46. Kf2
R1xe2+ 47. Rxe2 Rxe2+ 48. Kxe2 Kxd8 49. g4 Kd7 50. Ke3 Ke6 51. Kf4 Ba4 52. Ke4
Bd1 53. Kf4 Bc2 54. g5 Bb3 55. Ke4 Bd1 56. Kd4 Kf5 57. g6 fxg6 58. Kd5 Bb3+ 59.
Kd6 g5 60. e6 Bxe6 61. a4 Bc4 62. Kc5 Be2 63. b5 axb5 64. axb5 Bxb5 65. Kd4 0-1

[Event "España ch-2015 sub-16"]
[Site "Salobreña ESP"]
[Date "2015.07.23"]
[Round "6.13"]
[White "Povill Claros, Xavier"]
[Black "Gonzalez Capacete, Jose Miguel"]
[Result "1-0"]
[WhiteElo "2107"]
[BlackElo "1977"]
[PlyCount "97"]
[EventDate "2015.07.20"]
[EventType "swiss"]
[EventRounds "9"]
[EventCountry "ESP"]
[Source "lmi"]
[SourceDate "2015.07.20"]

1. e4 e6 2. d4 d5 3. Nc3 Nf6 4. e5 Nfd7 5. f4 c5 6. Nf3 Nc6 7. Be3 cxd4 8. Nxd4
Bc5 9. Qd2 a6 10. O-O-O O-O 11. Qf2 Qe7 12. Bd3 Nxd4 13. Bxd4 b5 14. g4 b4 15.
Na4 Bxd4 16. Qxd4 Bb7 17. Rhf1 Bc6 18. Nb6 Nxb6 19. Qxb6 Bb5 20. Qe3 Rfc8 21.
f5 Qc5 22. Qxc5 Rxc5 23. Bxb5 axb5 24. Rf4 Rc4 25. Rdd4 exf5 26. gxf5 Re8 27.
b3 Rc5 28. Rxb4 g5 29. Rf2 Rxe5 30. a4 bxa4 31. Rxa4 Kg7 32. Kd2 Rc6 33. Kd3
Kf6 34. Ra7 h5 35. Kd4 Rxf5 36. Rxf7+ Kxf7 37. Rxf5+ Kg6 38. Rf2 g4 39. Kxd5
Rc3 40. b4 Kg5 41. b5 Rf3 42. Re2 Kh4 43. b6 Kh3 44. b7 Rf8 45. Kc6 h4 46. Kc7
Rf7+ 47. Kb6 Rf8 48. Ka7 Rc8 49. Re3+ 1-0

[Event "España ch-2015 sub-16"]
[Site "Salobreña ESP"]
[Date "2015.07.23"]
[Round "6.14"]
[White "Serra Canals, Oriol"]
[Black "Porta Tovar, Guillem"]
[Result "1-0"]
[WhiteElo "2100"]
[BlackElo "1945"]
[PlyCount "89"]
[EventDate "2015.07.20"]
[EventType "swiss"]
[EventRounds "9"]
[EventCountry "ESP"]
[Source "lmi"]
[SourceDate "2015.07.20"]

1. d4 Nf6 2. c4 g6 3. Nc3 Bg7 4. Nf3 d6 5. g3 O-O 6. Bg2 a6 7. O-O Nc6 8. d5
Na5 9. b3 b5 10. cxb5 axb5 11. b4 Nc4 12. Nd4 Bd7 13. Ncxb5 Qb8 14. a4 Nb6 15.
Nc3 Qb7 16. e4 Ng4 17. b5 Ra5 18. h3 Nh6 19. Qd3 Rfa8 20. Nb3 Rxa4 21. Nxa4
Nxa4 22. Nd4 f5 23. Bxh6 Bxh6 24. exf5 Nc5 25. Rxa8+ Qxa8 26. Qc2 gxf5 27. Nxf5
Bg5 28. h4 Bf6 29. Re1 Qf8 30. Rb1 Be5 31. Ne3 Bd4 32. Rb4 Qf6 33. Qe2 Qe5 34.
b6 cxb6 35. Rxb6 Ne4 36. Rb8+ Kg7 37. Nc4 Qxg3 38. Kf1 Qf4 39. Bxe4 Bh3+ 40.
Kg1 Qg3+ 41. Kh1 Bxf2 42. Qb2+ Kf7 43. Nxd6+ exd6 44. Rb7+ Kg8 45. Bxh7+ 1-0

[Event "España ch-2015 sub-16"]
[Site "Salobreña ESP"]
[Date "2015.07.23"]
[Round "6.15"]
[White "Aledo Yanguas, Javier"]
[Black "Alfaya Marcelo, Roberto"]
[Result "0-1"]
[WhiteElo "2017"]
[BlackElo "2097"]
[PlyCount "80"]
[EventDate "2015.07.20"]
[EventType "swiss"]
[EventRounds "9"]
[EventCountry "ESP"]
[Source "lmi"]
[SourceDate "2015.07.20"]

1. e4 c5 2. c3 d5 3. exd5 Qxd5 4. d4 g6 5. Nf3 Bg7 6. c4 Qe4+ 7. Be3 Bg4 8. Nc3
Qc6 9. Be2 Nf6 10. d5 Qc8 11. h3 Bf5 12. Nd2 O-O 13. O-O Na6 14. a3 Ne8 15.
Nde4 Bxe4 16. Nxe4 Bxb2 17. Ra2 Bg7 18. Bf4 Qf5 19. d6 Qxe4 20. Bd3 Qxf4 21.
dxe7 Nf6 22. exf8=Q+ Bxf8 23. Qb3 b6 24. Re2 Nc7 25. Re3 Bg7 26. Rfe1 Ne6 27.
Qa4 Qc7 28. Qc2 Rd8 29. Be4 Nxe4 30. Rxe4 Rd4 31. Qe2 Qd6 32. Rxd4 Bxd4 33. h4
Qf4 34. h5 Kg7 35. hxg6 hxg6 36. Qf3 Qd2 37. Re2 Qc1+ 38. Kh2 Qxc4 39. g4 Qc3
40. Qd5 Nf4 0-1

[Event "España ch-2015 sub-16"]
[Site "Salobreña ESP"]
[Date "2015.07.23"]
[Round "6.16"]
[White "Galiana Fernandez, Adrian"]
[Black "Vidal Fernandez, Pablo"]
[Result "1-0"]
[WhiteElo "2004"]
[BlackElo "2057"]
[PlyCount "59"]
[EventDate "2015.07.20"]
[EventType "swiss"]
[EventRounds "9"]
[EventCountry "ESP"]
[Source "lmi"]
[SourceDate "2015.07.20"]

1. e4 e5 2. Nf3 Nc6 3. Bb5 a6 4. Ba4 Nf6 5. O-O b5 6. Bb3 Be7 7. Re1 Bb7 8. d4
Nxd4 9. Nxd4 exd4 10. e5 Nd5 11. Qf3 c6 12. Bxd5 cxd5 13. Qg4 Qb6 14. Nd2 O-O
15. Nb3 Bb4 16. c3 Be7 17. Nxd4 Rfe8 18. Qxd7 Bc5 19. Qg4 Bc8 20. Qd1 Ra7 21.
Be3 Rxe5 22. b4 Bf8 23. Nf3 Rxe3 24. Rxe3 Be6 25. Ng5 Be7 26. Nxe6 fxe6 27. Qe2
Bf6 28. Rxe6 Qc7 29. Re8+ Kf7 30. Qd1 1-0

[Event "España ch-2015 sub-16"]
[Site "Salobreña ESP"]
[Date "2015.07.23"]
[Round "6.17"]
[White "Jimenez Ruano, Adrian"]
[Black "Navarro Cabrera, Carlos"]
[Result "1-0"]
[WhiteElo "2053"]
[BlackElo "1926"]
[PlyCount "118"]
[EventDate "2015.07.20"]
[EventType "swiss"]
[EventRounds "9"]
[EventCountry "ESP"]
[Source "lmi"]
[SourceDate "2015.07.20"]

1. d4 Nf6 2. Nf3 g6 3. Bf4 Bg7 4. e3 c5 5. c3 d5 6. Nbd2 cxd4 7. cxd4 Nc6 8. h3
Bf5 9. Nh4 O-O 10. Nxf5 gxf5 11. Bd3 Ne4 12. f3 Nd6 13. Bxd6 Qxd6 14. f4 e6 15.
O-O Rac8 16. Kh1 Qe7 17. Rc1 Rc7 18. Qh5 Qf6 19. g4 Qg6 20. Qh4 Bf6 21. g5 Be7
22. Rc2 Rfc8 23. Rfc1 Bd6 24. a3 Na5 25. Rxc7 Rxc7 26. Rxc7 Bxc7 27. b4 Nc6 28.
Qe1 f6 29. gxf6 Qxf6 30. Nf3 Qe7 31. Qc3 Nd8 32. Kg2 Nf7 33. Kf2 Kh8 34. Qc5
Qxc5 35. dxc5 Kg7 36. a4 Kf6 37. Nd4 Ke7 38. c6 b6 39. Nb5 Kd8 40. Nxa7 Nd6 41.
Kg3 Bb8 42. Nb5 Nxb5 43. Bxb5 Bc7 44. Kh4 Ke7 45. Kg5 Kf7 46. Kh6 Kg8 47. Be2
d4 48. exd4 Bxf4+ 49. Kh5 Bc7 50. Bc4 Kf7 51. Kh6 Kf6 52. Kxh7 f4 53. h4 f3 54.
h5 f2 55. Kg8 Kg5 56. Kf7 Kf5 57. h6 e5 58. h7 exd4 59. h8=Q Ke4 1-0

[Event "España ch-2015 sub-16"]
[Site "Salobreña ESP"]
[Date "2015.07.23"]
[Round "6.18"]
[White "Guerra Arrocha, Daniel"]
[Black "Martin Carmona, Gaston Manuel"]
[Result "0-1"]
[WhiteElo "1989"]
[BlackElo "2049"]
[PlyCount "76"]
[EventDate "2015.07.20"]
[EventType "swiss"]
[EventRounds "9"]
[EventCountry "ESP"]
[Source "lmi"]
[SourceDate "2015.07.20"]

1. d4 Nf6 2. c4 c6 3. Nc3 d5 4. e3 a6 5. Qc2 e6 6. Bd2 Nbd7 7. Rc1 Bd6 8. c5
Bc7 9. f4 h6 10. Nf3 Qe7 11. Bd3 Rb8 12. O-O O-O 13. Ne5 Rd8 14. b4 Nf8 15. a4
Bd7 16. b5 axb5 17. axb5 Ne8 18. Nxd7 Rxd7 19. bxc6 bxc6 20. Qa4 Bd8 21. Qxc6
Rc7 22. Qa4 Ra7 23. Qc2 Nc7 24. Ra1 Rab7 25. Rfb1 f6 26. Rxb7 Rxb7 27. Rb1
Rxb1+ 28. Qxb1 e5 29. Nxd5 Nxd5 30. Bc4 exd4 31. Bxd5+ Kh8 32. exd4 Qd7 33. Qa2
Ng6 34. Qa8 Kh7 35. h3 Ne7 36. Be4+ f5 37. Bxf5+ Nxf5 38. Qe4 Qxd4+ 0-1

[Event "España ch-2015 sub-16"]
[Site "Salobreña ESP"]
[Date "2015.07.23"]
[Round "6.19"]
[White "Antunez Munoz, Ines"]
[Black "Ros Alonso, Jaume"]
[Result "1-0"]
[WhiteElo "1873"]
[BlackElo "2028"]
[PlyCount "99"]
[EventDate "2015.07.20"]
[EventType "swiss"]
[EventRounds "9"]
[EventCountry "ESP"]
[Source "lmi"]
[SourceDate "2015.07.20"]

1. e4 c5 2. c3 Nf6 3. e5 Nd5 4. d4 cxd4 5. Nf3 e6 6. cxd4 d6 7. a3 Be7 8. Bd3
b6 9. O-O Nd7 10. Re1 Bb7 11. Qe2 Rc8 12. Bd2 dxe5 13. dxe5 Nc5 14. Bb5+ Bc6
15. Nd4 Bxb5 16. Qxb5+ Qd7 17. Nc3 Qxb5 18. Ndxb5 Nxc3 19. Bxc3 a6 20. Nd6+
Bxd6 21. exd6 O-O 22. Rad1 Rfd8 23. Re3 Rc6 24. Rg3 g6 25. d7 Rc7 26. Be5 Rcxd7
27. Rxd7 Rxd7 28. h4 Rd1+ 29. Kh2 Ne4 30. Rf3 h5 31. Rf4 Nc5 32. Rc4 Rd5 33.
Bf6 Rf5 34. Bd4 Rf4 35. g3 Re4 36. b4 Kh7 37. f3 Re2+ 38. Kg1 Nb3 39. Bf6 Re1+
40. Kg2 Rc1 41. Rf4 b5 42. Bg5 Kg7 43. Bf6+ Kg8 44. Re4 Rd1 45. Re3 Rd2+ 46.
Kf1 Rd1+ 47. Ke2 Rd2+ 48. Ke1 Rg2 49. Rxb3 Rxg3 50. Kf2 1-0

[Event "España ch-2015 sub-16"]
[Site "Salobreña ESP"]
[Date "2015.07.23"]
[Round "6.20"]
[White "Roma Barge, Gabriel"]
[Black "Perez Tores, Juan Miguel"]
[Result "0-1"]
[WhiteElo "1875"]
[BlackElo "2129"]
[PlyCount "58"]
[EventDate "2015.07.20"]
[EventType "swiss"]
[EventRounds "9"]
[EventCountry "ESP"]
[Source "lmi"]
[SourceDate "2015.07.20"]

1. e4 g6 2. d4 d6 3. Be3 Bg7 4. Nc3 c6 5. f3 b5 6. Qd2 Nd7 7. Bd3 Nb6 8. f4 Nf6
9. h3 a5 10. Nf3 Ba6 11. g4 b4 12. Ne2 Nc4 13. Bxc4 Bxc4 14. Ng3 Nd7 15. f5 c5
16. Bh6 Bf6 17. g5 Bxd4 18. Nxd4 cxd4 19. Bg7 Ne5 20. O-O-O Rg8 21. f6 d3 22.
b3 dxc2 23. Rde1 Ba6 24. fxe7 Qxe7 25. Nf5 gxf5 26. exf5 O-O-O 27. Bf6 Qc7 28.
Re3 Rde8 29. Rh2 Nd3+ 0-1

[Event "España ch-2015 sub-16"]
[Site "Salobreña ESP"]
[Date "2015.07.23"]
[Round "6.21"]
[White "Perez Ordonez, Jose Ramon"]
[Black "Ventura Bolet, Alexandre"]
[Result "0-1"]
[WhiteElo "1870"]
[BlackElo "2087"]
[PlyCount "58"]
[EventDate "2015.07.20"]
[EventType "swiss"]
[EventRounds "9"]
[EventCountry "ESP"]
[Source "lmi"]
[SourceDate "2015.07.20"]

1. b3 d5 2. Bb2 Nf6 3. e3 a6 4. Nf3 c5 5. Be2 Nc6 6. Ne5 Qc7 7. f4 e6 8. d3 Bd6
9. Nxc6 Qxc6 10. O-O Qc7 11. Nd2 e5 12. g3 O-O 13. Bf3 Re8 14. c4 Bh3 15. Bg2
Bxg2 16. Kxg2 h5 17. f5 Ng4 18. Re1 d4 19. e4 g6 20. Qf3 Ne3+ 21. Rxe3 dxe3 22.
Nf1 Qa5 23. Qxe3 Bf8 24. fxg6 fxg6 25. Qg5 Kh7 26. Bxe5 Qd8 27. Qf6 Rxe5 28.
Kg1 Re8 29. Qg5 h4 0-1

[Event "España ch-2015 sub-16"]
[Site "Salobreña ESP"]
[Date "2015.07.23"]
[Round "6.22"]
[White "Garcia Sobrino, David"]
[Black "Munoz Garcia, Jesus"]
[Result "1-0"]
[WhiteElo "2011"]
[BlackElo "1852"]
[PlyCount "91"]
[EventDate "2015.07.20"]
[EventType "swiss"]
[EventRounds "9"]
[EventCountry "ESP"]
[Source "lmi"]
[SourceDate "2015.07.20"]

1. e4 c5 2. Nc3 Nc6 3. Nf3 g6 4. d4 cxd4 5. Nxd4 Bg7 6. Nde2 Nf6 7. g3 O-O 8.
Bg2 d6 9. O-O Bd7 10. Nd5 Rc8 11. a4 a5 12. c3 Ne5 13. Nd4 e6 14. Nxf6+ Bxf6
15. f4 Nc4 16. b3 Nb6 17. Qd3 Bc6 18. Ba3 Re8 19. Nxc6 bxc6 20. Bxd6 Bxc3 21.
Qxc3 Qxd6 22. Qxa5 Qd4+ 23. Kh1 Red8 24. Rac1 Qe3 25. Rfe1 Qf2 26. Qc5 Qxc5 27.
Rxc5 Rd3 28. Rb1 Nd7 29. Rcc1 c5 30. Rd1 c4 31. bxc4 Nc5 32. Rxd3 Nxd3 33. Kg1
Rxc4 34. Bf1 Rc3 35. Bxd3 Rxd3 36. Ra1 Kf8 37. a5 Rd8 38. a6 Ra8 39. Kf2 Ke7
40. Ke3 Ke8 41. Kd4 Ke7 42. Kc5 Rc8+ 43. Kb6 Rb8+ 44. Kc7 Rb2 45. a7 Rc2+ 46.
Kb6 1-0

[Event "España ch-2015 sub-16"]
[Site "Salobreña ESP"]
[Date "2015.07.23"]
[Round "6.23"]
[White "Tevar Becerra, Alvaro"]
[Black "Rodriguez Mellado, Antonio"]
[Result "0-1"]
[WhiteElo "1857"]
[BlackElo "2007"]
[PlyCount "94"]
[EventDate "2015.07.20"]
[EventType "swiss"]
[EventRounds "9"]
[EventCountry "ESP"]
[Source "lmi"]
[SourceDate "2015.07.20"]

1. e4 e5 2. Nf3 Nc6 3. Nc3 Bc5 4. Nxe5 Nxe5 5. d4 Bd6 6. dxe5 Bxe5 7. Nb5 g6 8.
f4 Bg7 9. Nd4 Ne7 10. Be2 d5 11. e5 O-O 12. O-O a6 13. c3 c5 14. Nb3 b6 15. g4
f6 16. exf6 Rxf6 17. Bf3 Ra7 18. Be3 Rd7 19. Qe2 Bb7 20. Bxc5 bxc5 21. Nxc5 Qb6
22. Qf2 Rd8 23. Nxb7 Qxb7 24. Bg2 Rdf8 25. Qd2 Qd7 26. h3 Qd6 27. Rad1 Rxf4 28.
Rxf4 Rxf4 29. Bxd5+ Nxd5 30. Qxd5+ Qxd5 31. Rxd5 Rf8 32. Rd6 Rb8 33. Rd2 Bh6
34. Rc2 Rd8 35. c4 Rd2 36. Rxd2 Bxd2 37. Kf2 Kf7 38. Ke2 Bc1 39. b3 Ba3 40. Kd3
Bc5 41. Ke4 Ke6 42. Kf4 a5 43. Ke4 g5 44. a4 h6 45. Kf3 Ke5 46. Kg3 Ke4 47. Kg2
Ke5 0-1

[Event "España ch-2015 sub-16"]
[Site "Salobreña ESP"]
[Date "2015.07.23"]
[Round "6.24"]
[White "Represa Perez, Mireya"]
[Black "Martinez Pla, Xavier"]
[Result "1/2-1/2"]
[WhiteElo "1836"]
[BlackElo "2005"]
[PlyCount "79"]
[EventDate "2015.07.20"]
[EventType "swiss"]
[EventRounds "9"]
[EventCountry "ESP"]
[Source "lmi"]
[SourceDate "2015.07.20"]

1. e4 c5 2. Nc3 Nc6 3. g3 g6 4. Bg2 Bg7 5. d3 d6 6. Nge2 Rb8 7. Be3 b5 8. Qd2
h5 9. O-O h4 10. d4 b4 11. Nd1 cxd4 12. Nxd4 Ne5 13. Qe2 Bd7 14. f4 Ng4 15. Nc6
Bxc6 16. Qxg4 Nf6 17. Qf3 h3 18. Bh1 Bxe4 19. Qe2 Bxh1 20. Kxh1 Qd7 21. Bd4 O-O
22. Ne3 Qc6+ 23. Kg1 Nd5 24. Bxg7 Kxg7 25. Nxd5 Qxd5 26. Rad1 Qc6 27. Rf2 Rb7
28. Qg4 Qe4 29. Qxh3 Rc7 30. Qg2 Qe3 31. Kh1 Rfc8 32. Re2 Qc5 33. Qe4 a5 34.
Rd5 Qc6 35. f5 gxf5 36. Rxf5 Qxe4+ 37. Rxe4 Rxc2 38. Rxe7 Rxb2 39. Rfxf7+ Kg8
40. Rg7+ 1/2-1/2

[Event "España ch-2015 sub-16"]
[Site "Salobreña ESP"]
[Date "2015.07.23"]
[Round "6.25"]
[White "Aliane Diez, Aaron"]
[Black "Martinez Lopez, Carlos"]
[Result "1/2-1/2"]
[WhiteElo "1834"]
[BlackElo "1996"]
[PlyCount "64"]
[EventDate "2015.07.20"]
[EventType "swiss"]
[EventRounds "9"]
[EventCountry "ESP"]
[Source "lmi"]
[SourceDate "2015.07.20"]

1. d4 Nf6 2. c4 c5 3. Nf3 e6 4. Nc3 cxd4 5. Nxd4 a6 6. g3 Qc7 7. Qd3 Nc6 8.
Nxc6 dxc6 9. Bg2 Be7 10. O-O O-O 11. b3 b6 12. Bb2 Bb7 13. Rad1 c5 14. Ne4 Rfd8
15. Qc2 Nxe4 16. Bxe4 h6 17. Bc3 Rxd1 18. Rxd1 Bxe4 19. Qxe4 Rd8 20. Rd3 Rxd3
21. Qxd3 Qc6 22. a4 h5 23. h4 Qd6 24. Qxd6 Bxd6 25. Kg2 Kf8 26. Kf3 g6 27. Bd2
Ke8 28. Bg5 f5 29. Bf4 e5 30. Bg5 Kd7 31. e4 Bc7 32. Ke3 Ke8 1/2-1/2

[Event "España ch-2015 sub-16"]
[Site "Salobreña ESP"]
[Date "2015.07.23"]
[Round "6.26"]
[White "Motos Abellan, Daniel"]
[Black "Lechuga Cabrero, Diego"]
[Result "1/2-1/2"]
[WhiteElo "1994"]
[BlackElo "1753"]
[PlyCount "67"]
[EventDate "2015.07.20"]
[EventType "swiss"]
[EventRounds "9"]
[EventCountry "ESP"]
[Source "lmi"]
[SourceDate "2015.07.20"]

1. d4 Nf6 2. c4 e6 3. Nc3 Bb4 4. e3 O-O 5. Bd3 c5 6. Nge2 d5 7. cxd5 Nxd5 8.
O-O cxd4 9. Nxd5 Qxd5 10. Nxd4 Nd7 11. a3 Bc5 12. Nb5 Bb6 13. Nc3 Qc6 14. Be4
Qc4 15. Qd3 Qxd3 16. Bxd3 Rd8 17. b4 Nf6 18. Rd1 Bd7 19. Bb2 Rac8 20. h3 a6 21.
Rac1 h6 22. Ne4 Nxe4 23. Bxe4 Bc6 24. Rxd8+ Bxd8 25. a4 Be7 26. b5 axb5 27.
axb5 Bd7 28. Rxc8+ Bxc8 29. Kf1 Bc5 30. Bd4 Bxd4 31. exd4 b6 32. Bc6 Kf8 33.
Ke2 Ke7 34. Kd3 1/2-1/2

[Event "España ch-2015 sub-16"]
[Site "Salobreña ESP"]
[Date "2015.07.23"]
[Round "6.27"]
[White "Ereza Vizcarra, Fernando"]
[Black "Pulido Leon, Manuel"]
[Result "0-1"]
[WhiteElo "1717"]
[BlackElo "1991"]
[PlyCount "26"]
[EventDate "2015.07.20"]
[EventType "swiss"]
[EventRounds "9"]
[EventCountry "ESP"]
[Source "lmi"]
[SourceDate "2015.07.20"]

1. d4 e6 2. Nf3 f5 3. e3 Nf6 4. Bd3 b6 5. O-O Bb7 6. b3 Ne4 7. Bb2 Ng5 8. Nbd2
Bb4 9. Ne5 Nh3+ 10. Kh1 Qh4 11. Qe2 Bxd2 12. Qxd2 d6 13. Nc4 Qd8 0-1

[Event "España ch-2015 sub-16"]
[Site "Salobreña ESP"]
[Date "2015.07.23"]
[Round "6.28"]
[White "Marquez Marvizon, Alejandra"]
[Black "Andrade Sandoval, Jim Carlos"]
[Result "1/2-1/2"]
[WhiteElo "1968"]
[BlackElo "1697"]
[PlyCount "60"]
[EventDate "2015.07.20"]
[EventType "swiss"]
[EventRounds "9"]
[EventCountry "ESP"]
[Source "lmi"]
[SourceDate "2015.07.20"]

1. e4 c5 2. Nf3 e6 3. c3 d5 4. exd5 Qxd5 5. d4 Nc6 6. Na3 cxd4 7. Nb5 Qd8 8.
Bf4 e5 9. Nxe5 Qe7 10. Qe2 Nxe5 11. Bxe5 d3 12. Qe3 f6 13. Nc7+ Kd8 14. Qxd3+
Bd7 15. Nxa8 Qxe5+ 16. Be2 Qd6 17. O-O-O Qxd3 18. Rxd3 f5 19. Rhd1 Nf6 20.
Rxd7+ Nxd7 21. Bb5 Kc8 22. Rxd7 g6 23. g3 Bc5 24. Rf7 Bd6 25. Bd7+ Kb8 26. Rf6
Bc5 27. Rf7 Kxa8 28. Be6 Kb8 29. Bb3 Kc8 30. Be6+ Kb8 1/2-1/2

[Event "España ch-2015 sub-16"]
[Site "Salobreña ESP"]
[Date "2015.07.23"]
[Round "6.29"]
[White "Henderson de La Fuente, Andrea"]
[Black "Krell Calvo, Daniel"]
[Result "1/2-1/2"]
[WhiteElo "1947"]
[BlackElo "1560"]
[PlyCount "71"]
[EventDate "2015.07.20"]
[EventType "swiss"]
[EventRounds "9"]
[EventCountry "ESP"]
[Source "lmi"]
[SourceDate "2015.07.20"]

1. e4 c5 2. Nc3 Nc6 3. g3 g6 4. Bg2 Bg7 5. d3 d6 6. Be3 Rb8 7. Qd2 b5 8. Nge2
Bd7 9. f4 b4 10. Nd1 Nf6 11. h3 O-O 12. O-O a5 13. f5 a4 14. Bh6 a3 15. Bxg7
Kxg7 16. Rf4 h5 17. Rh4 Rh8 18. fxg6 fxg6 19. Qg5 e5 20. Ne3 Nh7 21. Nf5+ Bxf5
22. Qxd8 Rbxd8 23. exf5 Nd4 24. Nxd4 cxd4 25. fxg6 Nf6 26. g4 hxg4 27. Rxh8
Rxh8 28. hxg4 Nxg4 29. Be4 Nf6 30. Bf5 Rh5 31. Be6 Kxg6 32. bxa3 bxa3 33. Rb1
Rh8 34. Rb6 Ra8 35. Rxd6 Ra5 36. Bb3 1/2-1/2

[Event "España ch-2015 sub-16"]
[Site "Salobreña ESP"]
[Date "2015.07.23"]
[Round "6.30"]
[White "Barranco Mananet, Fernando"]
[Black "Toval Lopez, Alberto"]
[Result "0-1"]
[WhiteElo "1598"]
[BlackElo "1904"]
[PlyCount "104"]
[EventDate "2015.07.20"]
[EventType "swiss"]
[EventRounds "9"]
[EventCountry "ESP"]
[Source "lmi"]
[SourceDate "2015.07.20"]

1. c4 e5 2. Nc3 Nc6 3. Nf3 g6 4. d4 exd4 5. Nxd4 Bg7 6. Nxc6 bxc6 7. g3 Nf6 8.
Bg2 O-O 9. O-O Bb7 10. Bd2 Rb8 11. Bf4 c5 12. e4 d6 13. Qc2 Nd7 14. Rad1 Ne5
15. b3 Nc6 16. Qd2 Re8 17. Nd5 Nd4 18. Bg5 f6 19. Be3 Bxd5 20. exd5 f5 21. Bxd4
cxd4 22. Rfe1 Qd7 23. Rxe8+ Rxe8 24. Re1 h6 25. Bf3 Kf7 26. Rxe8 Qxe8 27. Qe2
Qe5 28. Qxe5 dxe5 29. Bd1 e4 30. b4 d3 31. c5 Bc3 32. b5 Bb4 33. b6 axb6 34. d6
cxd6 35. cxb6 d5 36. b7 Bd6 37. a4 Bb8 38. Kf1 Ke6 39. Ke1 Kd6 40. Kd2 g5 41.
Bh5 f4 42. Bg6 Kc6 43. Bf7 Kd6 44. Bg6 Ke5 45. f3 Kd4 46. g4 e3+ 47. Kd1 Bd6
48. b8=Q Bxb8 49. a5 Bd6 50. a6 e2+ 51. Ke1 Ke3 52. Bxd3 Bb4# 0-1